=LDR 00000nam 2200000 4500 =001 INLIS000000000013117 =005 20210921023546 =035 ##$$a 0010-061300000013117 =008 210921################g##########0#ind## =041 ##$$a Ind =082 ##$$a 519.202 1 =090 ##$$a 519.202 1, Bud t =100 #$$a Budiono =245 1#$$a Teori dan aplikasi statistika dan probabilitas sederhana, lugas dan mudah di mengerti, /$c DR. Boediono =260 ##$$a Bandung :$b Remaja Rosdakarya,$c 2002 =300 ##$$a 532 hlm, : $b ilus ; $c 15x23 cm. =650 #4$$a Probabilitas - Statistik =850 ##$$a NBPNMAT =020 ##$$a 979-692-125-1 =084 ##$$a 519.202 1 BUD t =250 ##$$a cet.2 =990 ##$$a 10951095 =990 ##$$a 20402691